Loading...
| Auditory Arts | 5 | 14.00 | 100% | 40% | 0% |
| Beliefs | 7 | 17.14 | 100% | 71% | 0% |
| Current Events | 3 | 20.00 | 100% | 67% | 33% |
| Fine Arts - Other Arts | 7 | 17.14 | 100% | 57% | 14% |
| Geography | 2 | 15.00 | 50% | 50% | 50% |
| History - American History | 6 | 20.00 | 100% | 83% | 17% |
| History - Ancient History | 3 | 20.00 | 100% | 33% | 67% |
| History - European History | 7 | 18.57 | 86% | 86% | 14% |
| History - Other History | 3 | 16.67 | 67% | 100% | 0% |
| History - World History | 6 | 15.00 | 100% | 50% | 0% |
| Literature - American Literature | 8 | 12.50 | 100% | 25% | 0% |
| Literature - British Literature | 4 | 20.00 | 100% | 75% | 25% |
| Literature - European Literature | 6 | 15.00 | 100% | 50% | 0% |
| Literature - World Literature | 3 | 13.33 | 67% | 67% | 0% |
| Other Academic | 2 | 10.00 | 50% | 50% | 0% |
| Philosophy | 5 | 10.00 | 80% | 20% | 0% |
| Science - Biology | 4 | 12.50 | 100% | 25% | 0% |
| Science - Chemistry | 7 | 8.57 | 71% | 0% | 14% |
| Science - Other Science | 5 | 12.00 | 80% | 40% | 0% |
| Science - Physics | 5 | 10.00 | 80% | 20% | 0% |
| Social Science | 9 | 15.56 | 100% | 33% | 22% |
| Visual Arts | 6 | 18.33 | 100% | 67% | 17% |